<?xml version="1.0" encoding="UTF-8"?>
<marc:record xmlns:marc="http://www.loc.gov/MARC21/slim">
   <marc:leader>00000nam a2200000 a 4500</marc:leader>
   <marc:datafield ind1="1" ind2=" " tag="100">
      <marc:subfield code="a">Realf, Maria</marc:subfield>
      <marc:subfield code="4">aut</marc:subfield>
      <marc:subfield code="e">Verfasser/-in</marc:subfield>
   </marc:datafield>
   <marc:datafield ind1="1" ind2=" " tag="100">
      <marc:subfield code="a">Längsfeld, Sabine</marc:subfield>
   </marc:datafield>
   <marc:datafield ind1=" " ind2=" " tag="653">
      <marc:subfield code="a">Hochzeit</marc:subfield>
   </marc:datafield>
   <marc:datafield ind1=" " ind2=" " tag="653">
      <marc:subfield code="a">Liebe</marc:subfield>
   </marc:datafield>
   <marc:datafield ind1="0" ind2="0" tag="245">
      <marc:subfield code="a">The One</marc:subfield>
   </marc:datafield>
   <marc:datafield ind1="0" ind2="0" tag="245">
      <marc:subfield code="b">Roman</marc:subfield>
   </marc:datafield>
   <marc:datafield ind1="0" ind2="0" tag="245">
      <marc:subfield code="c">Maria Realf. Aus dem Engl. von Sabine Längsfeld</marc:subfield>
   </marc:datafield>
   <marc:datafield ind1=" " ind2="1" tag="264">
      <marc:subfield code="a">Reinbek</marc:subfield>
      <marc:subfield code="b">Rowohlt Taschenbuch-Verl.</marc:subfield>
      <marc:subfield code="c">2017</marc:subfield>
   </marc:datafield>
   <marc:datafield ind1="1" ind2=" " tag="490">
      <marc:subfield code="a">rororo</marc:subfield>
      <marc:subfield code="v">27314</marc:subfield>
   </marc:datafield>
   <marc:datafield ind1=" " ind2=" " tag="250">
      <marc:subfield code="a">2. Aufl., dt. Erstausg.</marc:subfield>
   </marc:datafield>
   <marc:datafield ind1="1" ind2=" " tag="520">
      <marc:subfield code="a">Was tun, wenn die erste große Liebe plötzlich wieder vor der Tür steht? (DR) Lizzie Sparkes ist mit Josh verlobt und mitten in den Hochzeitsvorbereitungen, als ihre erste große Liebe Alex wieder auftaucht und mit ihr reden will. Lizzie steckt in einer Zwickmühle, da sie nie über Alex hinweggekommen ist, als dieser nach dem Tod seines Zwillingsbruders nach Thailand verschwunden ist. Einerseits ist sie sauer und verletzt, andererseits liebt sie Alex immer noch. Nachdem Alex ihr den wahren Grund seiner Rückkehr gesteht, ist Lizzies Wut rasch verflogen. Sie muss eine schwierige Entscheidung treffen: Soll sie Josh heiraten und ein langes glückliches Leben an seiner Seite verbringen? Oder doch zurück zu Alex gehen und mit ihm den Augenblick genießen? Maria Realfs Roman ist sehr charmant und mit viel Herz geschrieben. Das Buch wird aus der Ich-Perspektive erzählt, wobei abwechselnd ein Kapitel von der Gegenwart berichtet und das nächste eine Episode aus Lizzies Vergangenheit mit Alex schildert. Eine sehr empfehlenswerte, herzergreifende Liebesgeschichte!</marc:subfield>
   </marc:datafield>
   <marc:datafield ind1=" " ind2=" " tag="020">
      <marc:subfield code="a">9783499273148</marc:subfield>
      <marc:subfield code="9">9783499273148</marc:subfield>
   </marc:datafield>
   <marc:datafield ind1=" " ind2=" " tag="020">
      <marc:subfield code="a">3499273144</marc:subfield>
      <marc:subfield code="9">3499273144</marc:subfield>
   </marc:datafield>
   <marc:datafield ind1=" " ind2=" " tag="300">
      <marc:subfield code="a">380 S.</marc:subfield>
   </marc:datafield>
</marc:record>
